Teaching French: an introduction to applide linguistics

Zapisane w:
Opis bibliograficzny
1. autor: Politzer, Robert
Format: Książka
Język:Undetermined
Wydane: Boston, Estados Unidos Ginn & Co. 1960
Hasła przedmiotowe:
Etykiety: Dodaj etykietę
Nie ma etykietki, Dołącz pierwszą etykiete!

MARC

LEADER 00000nam a2200000Ia 4500
008 170316s9999 xx 000 0 und d
090 |a 410 P-14t 
100 |a Politzer, Robert 
245 |a Teaching French: an introduction to applide linguistics 
260 |a Boston, Estados Unidos 
260 |b Ginn & Co. 
260 |c 1960 
300 |a 140 páginas 
650 |a LINGÜÍSTICA 
999 |c 18652  |d 18652 
040 |a cru BVZT 
942 |c 15 D  |h 410 P-14t  |2 z